000 00808nam a22002657a 4500
003 dpl
005 20180814123117.0
008 180814b xxu||||| |||| 00| 0 eng d
010 _aA-953290
020 _c00.00
_a8170581389
035 _aA-953290, A-903607
037 _bCen Lib/Ret
040 _aDPL
_bEN
_c0
082 _a181.499
_bAUR
100 _aAurobindo, Sri
_912069
245 _aThe psychic being :
_cby Sri aurobindo
_bselections from the works of Sri Aurobindo and The Mother /
246 _b
260 _bSri Aurubindo Ashram Press
_aPondichery
_c1989
270 _bPondichery
300 _aiii,223p.
_c19cm(Hb)
500 _aIncludes bibliographical references and index
650 _aSoul
_938212
650 _aYoga
_938213
942 _2ddc
_cEN
_h181.499
_mAUR
999 _c133537
_d133537